MARC

LEADER 00000nam0a2200000 4500
001 230547
005 20231101231019.0
035 |a (RuTPU)RU\TPU\book\251443 
090 |a 230547 
100 |a 20130123d1950 m y0rusy50 ca 
101 0 |a rus 
102 |a RU 
105 |a a z 001zy 
200 1 |a Происхождение Земли и планет  |e лекции  |f Б. Ю. Левин  |g Всесоюзное общество по распространению политических и научных знаний 
210 |a Москва  |c Правда  |d 1950 
215 |a 23 с.  |c ил. 
317 |5 63413507: КР-379  |a Поступила в НТБ в 2004 г. в составе книжного собрания профессора ТПИ К. В. Радугина. 
317 |5 63413507: КР-378  |a Поступила в НТБ в 2004 г. в составе книжного собрания профессора ТПИ К. В. Радугина. 
317 |5 63413507: КР-361  |a Поступила в НТБ в 2004 г. в составе книжного собрания профессора ТПИ К. В. Радугина. 
320 |a Библиогр.: с. 23. 
606 1 |a Солнечная система  |x Происхождение  |2 stltpush  |3 (RuTPU)RU\TPU\subj\55500  |9 73522 
610 1 |a Земля 
610 1 |a планеты 
610 1 |a строение 
610 1 |a окружающий мир 
610 1 |a Вселенная 
610 1 |a Солнечная система 
610 1 |a библиотека К. В. Радугина 
675 |a 523-52  |v 3 
700 1 |a Левин  |b Б. Ю. 
712 0 2 |a Всесоюзное общество по распространению политических и научных знаний  |c (1947-1963)  |c (Москва)  |2 stltpush  |3 (RuTPU)RU\TPU\col\144  |9 23224 
801 1 |a RU  |b 63413507  |c 20130123 
801 2 |a RU  |b 63413507  |c 20181106  |g RCR 
942 |c BK